000 00657nam a22002057a 4500
999 _c14227
_d14227
003 AR-CdUCM
008 190422b ||||| |||| 00| 0 spa d
020 _a978-9707-1877-19
040 _aMUNICIPALIDAD PROVINCIAL DEL CUSCO
_cBIBLIOTECA MUNICIPAL DEL CUSCO
041 _heng
082 _aPI / 376.1 /
_bH54
100 _aHillenburg, Stephen
_932913
245 _aBod esponja /
260 _aMéxico :
_bViacom internacional inc,
_c2012.
300 _a8 páginas ;
_bIlustraciones,
_c26 cm.
_e4 rompecabezas
650 _aCuentos infantiles
_93927
700 _aMoral, Susana Del (traducción)
_932914
942 _2ddc
_cLIBROS
945 _aacv
_d2019-04-22